Peace and Conflict in a Changing World / (Record no. 43727)

MARC details
001 - CONTROL NUMBER
control field 0000
003 - CONTROL NUMBER IDENTIFIER
control field 0000
005 - DATE AND TIME OF LATEST TRANSACTION
control field 20251011185026.0
008 - FIXED-LENGTH DATA ELEMENTS--GENERAL INFORMATION
fixed length control field 980921s1998 enk 000 0 eng
010 ## - LIBRARY OF CONGRESS CONTROL NUMBER
LC control number 98199745
020 ## - INTERNATIONAL STANDARD BOOK NUMBER
International Standard Book Number 9783031666407
020 ## - INTERNATIONAL STANDARD BOOK NUMBER
International Standard Book Number 9783031666407
040 ## - CATALOGING SOURCE
Original cataloging agency DLC
Transcribing agency DLC
Modifying agency DLC
Description conventions rda
050 00 - LIBRARY OF CONGRESS CALL NUMBER
Classification number JZ 5538 .K56
100 ## - MAIN ENTRY--PERSONAL NAME
Personal name Kim, Dong Jin
245 00 - TITLE STATEMENT
Title Peace and Conflict in a Changing World /
Statement of responsibility, etc Dong Jim Kim, David Mitchell, Gillian Wylie
Remainder of title Key issues in peace studies
260 ## - PUBLICATION, DISTRIBUTION, ETC. (IMPRINT)
Place of publication, distribution, etc Switzerland
Name of publisher, distributor, etc Palgrave Macmillan
Date of publication, distribution, etc 2024
264 ## - PUBLICATION, DISTRIBUTION, ETC. (IMPRINT)
Place of publication, distribution, etc Switzerland
Name of publisher, distributor, etc Palgrave Macmillan
Date of publication, distribution, etc 2024
300 ## - PHYSICAL DESCRIPTION
Extent x, 224p.
336 ## - CONTENT TYPE
Content type term text
Content type code txt
Source rdacontent
337 ## - MEDIA TYPE
Media type term unmediated
Media type code n
Source rdamedia
338 ## - CARRIER TYPE
Carrier type term volume
Carrier type code nc
Source rdacarrier
504 ## - BIBLIOGRAPHY, ETC. NOTE
Bibliography, etc Includes Index
650 ## - SUBJECT ADDED ENTRY--TOPICAL TERM
Source of heading or term
General subdivision
856 42 - ELECTRONIC LOCATION AND ACCESS
Materials specified Contributor biographical information
Uniform Resource Identifier <a href="http://www.loc.gov/catdir/enhancements/fy1117/98199745-b.html">http://www.loc.gov/catdir/enhancements/fy1117/98199745-b.html</a>
856 42 - ELECTRONIC LOCATION AND ACCESS
Materials specified Publisher description
Uniform Resource Identifier <a href="http://www.loc.gov/catdir/enhancements/fy1117/98199745-d.html">http://www.loc.gov/catdir/enhancements/fy1117/98199745-d.html</a>
856 41 - ELECTRONIC LOCATION AND ACCESS
Materials specified Table of contents only
Uniform Resource Identifier <a href="http://www.loc.gov/catdir/enhancements/fy1117/98199745-t.html">http://www.loc.gov/catdir/enhancements/fy1117/98199745-t.html</a>
942 ## - ADDED ENTRY ELEMENTS (KOHA)
Source of classification or shelving scheme Library of Congress Classification
Koha item type Books
Holdings
Withdrawn status Lost status Source of classification or shelving scheme Damaged status Not for loan Permanent Location Current Location Date acquired Total Checkouts Full call number Barcode Date last seen Price effective from Koha item type
    Library of Congress Classification     NILE UNIVERSITY OF NIGERIA - MAIN LIBRARY NILE UNIVERSITY OF NIGERIA - MAIN LIBRARY 10/11/2025   JZ 5538 .K56 0199118 10/11/2025 10/11/2025 Books